Compiladores: principios, técnicas y herramientas

Guardado en:
Detalles Bibliográficos
Autores principales: Aho, Alfred V (Autor), Sethi, Ravi (Autor), Ullman, Jeffrey D (Autor)
Formato: Libro
Lenguaje:inglés
Publicado: Wilmington Addison-Wesley Iberoamericana 1990
Materias:
Etiquetas: Agregar Etiqueta
Sin Etiquetas, Sea el primero en etiquetar este registro!

MARC

LEADER 00000nam a2200000 a 4500
001 UCV5636
003 CL-VaPUC
008 930419e19900000US |||||||||||||||||eng|d
082 0 4 |a 005.453  |b AHO  |2 21 
100 0 |a Aho, Alfred V  |e author  |9 299921 
700 0 |a Sethi, Ravi  |e author  |9 299922 
700 0 |a Ullman, Jeffrey D  |e author  |9 299923 
245 1 0 |a Compiladores: principios, técnicas y herramientas 
300 |a 820 p 
942 |c BK 
945 |d 19930419 00:00:00  |a mfernand 
260 |a Wilmington  |b Addison-Wesley Iberoamericana  |c 1990 
650 7 |a COMPILADORES  |2 CL-VaPUC  |9 259529 
650 7 |a PROGRAMAS PARA COMPUTADOR  |2 CL-VaPUC  |9 299924 
650 7 |a COMPUTADORES ELECTRONICOS  |2 CL-VaPUC  |9 259530 
583 |a last modification  |c 19930419 00:00:00  |k Rodrigo Vera 
999 |c 212069  |d 212067 
952 |0 0  |1 0  |4 0  |6 005_453000000000000_AHO_1990  |7 0  |8 A  |9 192429  |a BIBING  |b BIBING  |d 2019-11-14  |i 259918K  |o 005.453 AHO 1990  |p 259918K  |r 2025-01-20  |w 2019-11-14  |y BK  |k CCI 
952 |0 0  |1 0  |4 0  |6 005_453000000000000_AHO_1990  |7 0  |8 A  |9 192431  |a BIBING  |b BIBING  |d 2019-11-14  |i 2966980  |o 005.453 AHO 1990  |p 2966980  |r 2025-01-20  |w 2019-11-14  |y BK  |k CCI